[Event "BCF-chT qual (4NCL)"]
[Site "England"]
[Date "2002.06.02"]
[Round "2"]
[White "Morgan, Wilf"]
[Black "Young, Collins"]
[Result "0-1"]
[WhiteElo "1288"]
[BlackElo "1608"]
[PlyCount "98"]
[EventDate "2002.06.??"]
[EventType "team-tourn"]
[EventRounds "8"]
[EventCountry "ENG"]
[SourceTitle "EXT 2005"]
[Source "ChessBase"]
[SourceDate "2004.11.15"]
[SourceVersion "1"]
[SourceVersionDate "2004.11.15"]
[SourceQuality "1"]
[WhiteTeam "Wessex"]
[BlackTeam "Metropolitan"]
[WhiteTeamCountry "ENG"]
[BlackTeamCountry "ENG"]

1. e4 c6 2. d4 d5 3. Nc3 dxe4 4. Nxe4 Bf5 5. Ng3 Bg6 6. Nf3 Nd7 7. Bd3 Bxd3 8. Qxd3 e6 9. 0-0 Ngf6 10. Ne5 Be7 11. f4 0-0 12. Qb3 Qb6 13. Qxb6 Nxb6 14. c4 c5 15. Be3 Rac8 16. dxc5 Bxc5 17. Bxc5 Rxc5 18. b4 Rc7 19. Rac1 Rfc8 20. c5 h6 21. Nc4 Nxc4 22. Rxc4 b6 23. Rfc1 Kf8 24. Kf2 bxc5 25. Kf3 Ke7 26. Rxc5 Rxc5 27. bxc5 Nd7 28. c6 Rc7 29. Ne2 Nb8 30. Nd4 a6 31. g4 Kd6 32. Ke4 Nxc6 33. f5 Nxd4 34. Rxc7 exf5+ 35. gxf5 Kxc7 36. Kxd4 g6 37. fxg6 fxg6 38. Ke5 g5 39. Kf5 Kd6 40. h3 a5 41. Kg6 Ke5 42. Kxh6 Kf4 43. Kh5 a4 44. Kh6 g4 45. hxg4 Kxg4 46. Kg6 Kf4 47. Kf6 Ke4 48. Ke6 Kd4 49. Kd6 Kc3 0-1

[Event "BCF-chT qual (4NCL)"]
[Site "England"]
[Date "2002.06.01"]
[Round "1"]
[White "Smith, Robyn"]
[Black "Morgan, Wilf"]
[Result "1-0"]
[WhiteElo "1288"]
[BlackElo "1288"]
[PlyCount "103"]
[EventDate "2002.06.??"]
[EventType "team-tourn"]
[EventRounds "8"]
[EventCountry "ENG"]
[SourceTitle "EXT 2005"]
[Source "ChessBase"]
[SourceDate "2004.11.15"]
[SourceVersion "1"]
[SourceVersionDate "2004.11.15"]
[SourceQuality "1"]
[WhiteTeam "Poisoned Pawns"]
[BlackTeam "Wessex"]
[WhiteTeamCountry "ENG"]
[BlackTeamCountry "ENG"]

1. e4 c5 2. Nf3 d6 3. Bb5+ Bd7 4. Bxd7+ Qxd7 5. 0-0 Nf6 6. Re1 Nc6 7. c3 g6 8. d4 cxd4 9. cxd4 Bg7 10. Nc3 0-0 11. Be3 a5 12. Rc1 Rfc8 13. Na4 Ra6 14. d5 Nb4 15. Rxc8+ Qxc8 16. a3 b5 17. Nc3 Nbxd5 18. Nxd5 Nxd5 19. Qxd5 Bxb2 20. Qxb5 Bxa3 21. Ra1 Bb4 22. Rc1 Bc5 23. Bxc5 dxc5 24. Qxc5 Qxc5 25. Rxc5 a4 26. Rc2 f6 27. g3 a3 28. Ra2 Ra4 29. Nd2 e5 30. Kf1 f5 31. exf5 gxf5 32. Nb1 Kf7 33. Rxa3 Rc4 34. Rc3 Rb4 35. Nd2 Kg6 36. Nf3 e4 37. Nh4+ Kg5 38. Rc5 Kg4 39. Nxf5 Kh3 40. Ne3 Rb1+ 41. Ke2 Kxh2 42. Rh5+ Kg1 43. Nd1 Ra1 44. Rxh7 Ra2+ 45. Ke3 Ra1 46. Rg7 Ra2 47. Kxe4 Re2+ 48. Kf3 Ra2 49. Re7 Ra1 50. Re1+ Kh2 51. g4 Ra3+ 52. Ne3 1-0

[Event "BCF-chT3a 0001 (4NCL)"]
[Site "Birmingham"]
[Date "2000.11.25"]
[Round "3.7"]
[White "Morgan, Wilf"]
[Black "Smart, Michael R"]
[Result "0-1"]
[WhiteElo "1384"]
[BlackElo "1960"]
[PlyCount "46"]
[EventDate "2000.11.26"]
[EventType "team-tourn"]
[EventRounds "7"]
[EventCountry "ENG"]
[SourceTitle "EXT 2002"]
[Source "ChessBase"]
[SourceDate "2001.11.25"]
[SourceVersion "1"]
[SourceVersionDate "2001.11.25"]
[SourceQuality "1"]
[WhiteTeam "Warwicks Select"]
[BlackTeam "Guildford III"]
[WhiteTeamCountry "ENG"]
[BlackTeamCountry "ENG"]

1. b4 a5 2. b5 d5 3. a4 c6 4. e3 e5 5. Bb2 e4 6. c4 Qg5 7. cxd5 cxd5 8. g3 Bg4 9. Be2 Bxe2 10. Qxe2 Nd7 11. Nh3 Qh6 12. Nf4 Ngf6 13. Nc3 Ne5 14. Ncxd5 Nf3+ 15. Kd1 Nxd5 16. Nxd5 Rc8 17. b6 Rc5 18. Nc7+ Kd8 19. Bd4 Qxb6 20. Nb5 Qe6 21. Rb1 Qa2 22. Nc3 Rxc3 23. Bb6+ Kc8 0-1